World Map Quiz - Statistics

General Stats
  • This quiz has been taken 104 times
  • The average score is 50 of 196
Answers on the Map
Answers color-coded by a green-red scale on the quiz's map according to % correct below.
 
Answer Stats
Answer % Correct
Iran
64%
South Africa
64%
Argentina
59%
Colombia
59%
Algeria
52%
Brazil
52%
Canada
52%
Portugal
52%
Australia
50%
France
50%
Egypt
48%
Afganistan
45%
China
45%
India
45%
Chile
43%
Mexico
43%
Spain
43%
Bolivia
41%
Germany
41%
Madagascar
41%
Angola
39%
Belize
39%
Ecuador
39%
Iceland
39%
Iraq
39%
Japan
39%
Peru
39%
Saudi Arabia
39%
United States
39%
Bahamas
36%
Belarus
36%
Estonia
36%
Libya
36%
Paraguay
36%
Somalia
36%
Chad
34%
Cuba
34%
Italy
34%
Kazakstan
34%
Latvia
34%
Lithuania
34%
Namibia
34%
Oman
34%
Pakistan
34%
Tunisia
34%
Turkey
34%
Ukraine
34%
United Kingdom
34%
Albania
32%
Austria
32%
Bangladesh
32%
Belgium
32%
Bosnia and Herzegovina
32%
Botswana
32%
Bulgaria
32%
Central African Republic
32%
Croatia
32%
Finland
32%
Greece
32%
Lesotho
32%
Mongolia
32%
Mozambique
32%
Russia
32%
Uruguay
32%
Cameroon
30%
Denmark
30%
Eswatini
30%
Guyana
30%
Honduras
30%
Ireland
30%
Jordan
30%
Kyrgyzstan
30%
Moldova
30%
New Zealand
30%
North Korea
30%
Panama
30%
Poland
30%
Venezuela
30%
Yemen
30%
Armenia
27%
Burkina Faso
27%
Cambodia
27%
Costa Rica
27%
Ethiopia
27%
Haiti
27%
Indonesia
27%
Nepal
27%
Romania
27%
South Korea
27%
South Sudan
27%
Sudan
27%
Suriname
27%
Benin
25%
Bhutan
25%
Cape Verde
25%
Czech Republic
25%
Guatemala
25%
Kuwait
25%
Mali
25%
Morocco
25%
Myanmar
25%
Philippines
25%
Slovakia
25%
Switzerland
25%
Uganda
25%
United Arab Emirates
25%
Azerbaijan
23%
Burundi
23%
Eritrea
23%
Hungary
23%
Kenya
23%
Liberia
23%
Malawi
23%
Malta
23%
Mauritania
23%
Netherlands
23%
Norway
23%
Papua New Guinea
23%
Sierra Leone
23%
Sweden
23%
Syria
23%
Togo
23%
Cyprus
20%
Democratic Republic of the Congo
20%
Dominican Republic
20%
El Salvador
20%
Equatorial Guinea
20%
Gabon
20%
Ghana
20%
Guinea
20%
Israel
20%
Jamaica
20%
Malaysia
20%
Nicaragua
20%
Senegal
20%
Serbia
20%
Taiwan
20%
Comoros
18%
East Timor
18%
Fiji
18%
Georgia
18%
Guinea Bissau
18%
Ivory Coast
18%
Laos
18%
Lebanon
18%
Nigeria
18%
Rwanda
18%
Sao Tome and Principe
18%
Slovenia
18%
Thailand
18%
Turkmenistan
18%
Vietnam
18%
Zambia
18%
Zimbabwe
18%
Kosovo
16%
Mauritius
16%
Nauru
16%
Niger
16%
North Macedonia
16%
Qatar
16%
Republic of the Congo
16%
Tajikistan
16%
Tanzania
16%
Djibouti
14%
Federated States of Micronesia
14%
Maldives
14%
Sri Lanka
14%
Andorra
11%
Kiribati
11%
Luxembourg
11%
Marshall Islands
11%
Montenegro
11%
Palau
11%
Seychelles
11%
Solomon Islands
11%
Uzbekistan
11%
Tonga
9%
Tuvalu
9%
Bahrain
7%
Brunei
7%
Gambia
7%
Samoa
7%
Vanuatu
7%
Barbados
5%
Trinidad and Tobago
5%
Vatican City
5%
Antigua and Barbuda
2%
Dominica
2%
Grenada
2%
Liechtenstein
2%
Monaco
2%
San Marino
2%
Singapore
2%
Saint Kitts and Nevis
0%
Saint Lucia
0%
Saint Vincent and the Grenadines
0%
No matching quizzes found
Score Distribution
Percent of People with Each Score
Percentile by Number Answered
Your Score History
You have not taken this quiz